000 00967nam a22002537a 4500
005 20170124103044.0
010 _aA-513338
020 _c50.00
035 _aA-513338
037 _bCen Lib/Ret
040 _aDPL
_bHN
082 _a
_bकॉलउ
100 _aकॉल, उर्मिला
_943761
245 _aशिलालेख /
_cउर्मिला कॉल
246 _aShilalekh /
_bby Urmila Kaul
260 _aदिल्ली
_bशुभदा प्रकाशन
_c1991
270 _bदिल्ली
_a1/11051 पश्चिम सुभाष पार्क
_e110032
300 _a143पृ.
_c18सेमी (सजिल्द)
650 _aहिन्दी साहित्य
_968359
650 _aहिन्दी साहित्य -- कहानियां
_968360
650 _aHindi literature
_968361
650 _aHindi literature -- Stories
_968362
942 _2ddc
_cHN
_h
_mकॉलउ
999 _c116799
_d116799